Central Library OPAC University of Rajshahi

Saṃgīta-sādhanā : (Record no. 61895)

MARC details
000 -LEADER
fixed length control field 00766nam a2200241 a 4500
001 - CONTROL NUMBER
control field 61895
003 - CONTROL NUMBER IDENTIFIER
rucl marc code BD-RjUL
005 - DATE AND TIME OF LATEST TRANSACTION
control field 20211209081019.0
008 - FIXED-LENGTH DATA ELEMENTS--GENERAL INFORMATION
fixed length control field 170122s2003 ii a b 000 0 eng d
020 ## - INTERNATIONAL STANDARD BOOK NUMBER
International Standard Book Number 8176484741
035 ## - SYSTEM CONTROL NUMBER
System control number (BD-RjUL)
040 ## - CATALOGING SOURCE
Original cataloging agency BD-RjUL
Transcribing agency BD-RjUL
Language of cataloging eng
Modifying agency BD-RjUL
041 ## - LANGUAGE CODE
Language code of text/sound track or separate title eng
082 ## - DEWEY DECIMAL CLASSIFICATION NUMBER
Edition number 23
Classification number 781.745
Author mark and year THS 2003
100 1# - MAIN ENTRY--PERSONAL NAME
Personal name Thielemann, Selina.
9 (RLIN) 184218
245 10 - TITLE STATEMENT
Title Saṃgīta-sādhanā :
Remainder of title the path of human oneness /
Statement of responsibility, etc. Selina Thielemann.
260 ## - PUBLICATION, DISTRIBUTION, ETC. (IMPRINT)
Place of publication, distribution, etc. New Delhi :
Name of publisher, distributor, etc. A P H Pub. Corp.,
Date of publication, distribution, etc. 2003.
300 ## - PHYSICAL DESCRIPTION
Pagination 153 p. :
Illustrations ill. ;
Size 23 cm.
504 ## - BIBLIOGRAPHY, ETC. NOTE
Bibliography, etc Includes bibliographical references.
650 #0 - SUBJECT ADDED ENTRY--TOPICAL TERM
Topical term or geographic name as entry element Music
Geographic subdivision India
General subdivision Religious aspects
-- Hinduism.
9 (RLIN) 184243
Topical term or geographic name as entry element Bauls
General subdivision Music
-- History and criticism.
9 (RLIN) 184244
942 ## - ADDED ENTRY ELEMENTS (KOHA)
Source of classification or shelving scheme Dewey Decimal Classification
Koha item type Books
Holdings
Lost status Source of classification or shelving scheme Damaged status Not for loan Collection code Permanent Location Current Location Shelving location Date acquired Source of acquisition Cost, normal purchase price Total Checkouts Full call number Date last seen Copy number Koha item type
  Dewey Decimal Classification   Not For Loan Non-fiction Central Library, University of Rajshahi Central Library, University of Rajshahi Reading Room 06/06/2007 Dhaka, Paragon Enterprises 695.00   781.745 THS 2003 22/01/2017 C-1 Books
  Dewey Decimal Classification     Non-fiction Central Library, University of Rajshahi Central Library, University of Rajshahi   06/06/2007 Dhaka, Paragon Enterprises 695.00   781.745 THS 2003 23/01/2017 C-2 Books